Normal view
MARC view
- Conde Vélez, Sara
Entry Nombre Personal
001 - NUMERO DE CONTROL
- campo de control: 59423
003 - IDENTIFICADOR DE NUMERO DE CONTROL
- campo de control: UPN
005 - FECHA Y HORA DE LA ÜLTIMA TRANSACCIÓN
- campo de control: 20260428140744.0
008 - DATOS DE LONGITUD FIJA
- campo de control de longitud fija: 260428|| acz||aabn | a|a d
024 ## - OTROS IDENTIFICADORES NORMALIZADOS
- Fuente: orcid
- Número normalizado o código: https://orcid.org/0000-0002-7950-5866
040 ## - FUENTE DE CATALOGACIÓN
- Agencia original de catalogación: MX-MxUPN
100 1# - ENCABEZAMIENTO - NOMBRE PERSONAL
- Nombre personal: Conde Vélez, Sara
370 ## - LUGAR ASOCIADO
- Place of birth: España
371 ## - DIRECCIÓN
- Electronic mail address: sara.conde@dedu.es
373 ## - GRUPO ASOCIADO
- Associated group: Universidad de Huelva
374 ## - OCUPACIÓN
- Occupation: Docencia e investigación universitaria
377 ## - LENGUA ASOCIADA
- Language code: spa
670 ## - FUENTE EN LA QUE SE LOCALIZARON DATOS
- Cita de la fuente: En recurso en línea: RED : revista de educación a distancia. Vol. 25, no. 81, (2025)
- Información localizada: (Sara Conde Vélez)
- Uniform Resource Identifier: https://revistas.um.es/red/article/view/632871/374951
902 ## - CATALOGADOR
- Catalogador: Leonor Sotres/280426
